Sports Quiz

Random Sports or Basketball Quiz

Los Angeles Lakers All-Time Leaders Quiz Stats

 Plays Quiz Updated May 17, 2018

Score 0/50 Timer 06:00
21 Plays Today
Category Player % Correct
PointsKobe Bryant
99.2%
ReboundsKobe Bryant
98.9%
StealsKobe Bryant
98.7%
AssistsMagic Johnson
95.3%
StealsMagic Johnson
95.3%
PointsMagic Johnson
95%
AssistsKobe Bryant
94.9%
ReboundsMagic Johnson
94.7%
PointsShaquille O'Neal
94.3%
ReboundsShaquille O'Neal
94.2%
BlocksShaquille O'Neal
94.2%
PointsKareem Abdul-Jabbar
94.1%
ReboundsKareem Abdul-Jabbar
94%
StealsKareem Abdul-Jabbar
94%
AssistsKareem Abdul-Jabbar
94%
BlocksKareem Abdul-Jabbar
93.5%
AssistsJerry West
91.5%
PointsJerry West
87.6%
ReboundsJerry West
87.5%
BlocksJames Worthy
83.7%
ReboundsWilt Chamberlain
79.9%
PointsJames Worthy
78.5%
AssistsJames Worthy
78.5%
StealsJames Worthy
78.2%
BlocksKobe Bryant
77%
Category Player % Correct
BlocksPau Gasol
72.7%
PointsElgin Baylor
70.6%
ReboundsElgin Baylor
70.6%
AssistsElgin Baylor
70.5%
StealsDerek Fisher
68.2%
BlocksAndrew Bynum
59.6%
PointsByron Scott
49.5%
StealsByron Scott
49.2%
BlocksMichael Cooper
42.7%
PointsGail Goodrich
42.5%
AssistsGail Goodrich
42.5%
AssistsMichael Cooper
42.4%
StealsMichael Cooper
42.4%
ReboundsA.C. Green
40%
StealsA.C. Green
40%
BlocksVlade Divac
34.2%
AssistsNick Van Exel
34%
PointsJamaal Wilkes
26.6%
StealsJamaal Wilkes
26.6%
AssistsNorm Nixon
21.8%
StealsNorm Nixon
21.6%
BlocksElmore Smith
21.1%
BlocksElden Campbell
17.6%
ReboundsVern Mikkelsen
10.6%
ReboundsRudy LaRusso
6.5%

You're not logged in!

Compare scores with friends on all Sporcle quizzes.
OR
Log In

You Might Also Like...

Show Comments

Extras

Top Quizzes Today


Score Distribution

Your Account Isn't Verified!

In order to create a playlist on Sporcle, you need to verify the email address you used during registration. Go to your Sporcle Settings to finish the process.

Report this User

Report this user for behavior that violates our Community Guidelines.

Details: